| 000 | 00687 a2200169 4500 | ||
|---|---|---|---|
| 003 | NUST | ||
| 005 | 20230131130839.0 | ||
| 040 | _cNust | ||
| 082 | _a940.546,MOO | ||
| 100 |
_aMoorehead, Alan _949077 |
||
| 245 |
_aECLIPSE / _cAlan Moorehead |
||
| 260 |
_aLondon _bThe Stackpole company _c1831 |
||
| 300 | _a384 p,; | ||
| 505 | _aList of Maps (Page-6), Foreword (Page-7), The first Quarter Collapse in the South: Italy (Page-9), The Second Quarter Collapse in the North France (Page-74), The Third Quarter Collapse in the West: The Rhine (Page-183), Total Eclipse Collapse in the Centre Germany (Page-230). | ||
| 650 |
_aChancellorsville _9108227 |
||
| 942 |
_2ddc _cBK _k940.546,MOO |
||
| 999 |
_c187099 _d187099 |
||